000 00657nam a2200241 a 4500
999 _c1360
_d1360
001 1360
003 BD-JhCC
005 20191107134007.0
008 171018s2011 bg |||| ||a| 000 0 ben d
020 _a9844600499
035 _a(BD-JhCC) 1360
040 _aBD-JhCC
_dBD-JhCC
041 _aben
082 _a923.1
_bUDD 2011
100 _aউদ্দীন, জসীম
245 _aজীবন কথা /
_cজসীম উদ্দীন
260 _aঢাকা :
_bপলাশ প্রকাশনী :
_c2011
300 _a296 p .:
_c22 mcm .
650 _aAutobigraphy
651 _aBangladesh
942 _2ddc
_cBK
_02